| 000 | 00454nam a2200181Ia 4500 | ||
|---|---|---|---|
| 008 | 140626s9999 xx 000 0 und d | ||
| 100 | _aPerez, Anjo. | ||
| 245 |
_aFood to go : _b Mechado for Christmas / _cAnjo Perez. |
||
| 260 | _cc2011. | ||
| 300 | _a13 : 7, page 39 | ||
| 440 | _aCruising | ||
| 521 | _aTOU | ||
| 650 | _aChristmas feast. | ||
| 650 | _aFilipino cuisine. | ||
| 650 | _aIngredients. | ||
| 650 | _aMechado recipe. | ||
| 942 | _cSE | ||
| 999 |
_c121172 _d121172 |
||